|
|
|
|
| LEADER |
00591cam a2200205 a 4500 |
| 001 |
0000068993 |
| 005 |
20031006090000.0 |
| 040 |
|
|
|a mod
|
| 041 |
|
|
|a eng
|
| 020 |
0 |
0 |
|a 9830420620
|
| 090 |
0 |
0 |
|a 297.2
|b AKI
|e 1997
|
| 245 |
0 |
0 |
|a Akidah dan tasawuf
|c penyelenggara Zakaria
|
| 260 |
0 |
0 |
|a Kuala Lumpur
|b JPM
|c 1997
|
| 300 |
0 |
0 |
|a xiii, 175ms.
|c 23cm
|
| 500 |
0 |
0 |
|a Mengandungi indeks
|
| 650 |
0 |
0 |
|a Islam
|x Doctrines
|
| 650 |
0 |
0 |
|a Faith (Islam)
|
| 700 |
1 |
1 |
|a Zakaria Stapa
|
| 999 |
|
|
|a 0204728
|b ILMI
|d BOOKS
|e Umum
|f ILMI
|j AVAILABLE
|q GOOD CONDITION
|
| 999 |
|
|
|a 0204729
|b ILMI
|d BOOKS
|e Umum
|f ILMI
|j AVAILABLE
|q GOOD CONDITION
|